=LDR 00000nam 2200000 4500 =001 INLIS000000000029591 =005 20130612131819 =008 ***********************************Ind** =035 ##$$0010-061300000029591 =041 ##$$a Ind =082 ##$$a 343.04 =090 ##$$a 343.04, Soe d =100 ##$$a Sumitro, H. Rochmat =245 ##$$a Dasar-dasar hukum pajak dan pajak pendapatan 1994, H. Rochmat Soemitro =260 ##$$a 1979 $b Jakarta =300 ##$$a xi, 358 hlm, 22 cm =650 ##$$a Dasar-dasar hukum pajak =850 ##$$a NBPNMAT